NRL Preimiers 1908-2023 - Statistics

General Stats
  • This quiz has been taken 41 times
  • The average score is 76 of 116
Answer Stats
Hint Answer % Correct
1991 Panthers
91%
1911 | 1912 | 1913 | +12 others Roosters
91%
1908 | 1909 | 1914 | +18 others Rabbitohs
88%
1999 | 2012 | 2017 | 2020 Storm
85%
1998 | 2000 | 2006 Broncos
79%
2015 Cowboys
76%
1938 | 1942 | 1980 | +5 others Bulldogs
73%
1981 | 1982 | 1983 | 1986 Eels
73%
2016 Sharks
70%
2007 | 2009 N/A
67%
2003 | 2021 | 2022 | 2023 Penrith Panthers
67%
1915 | 1916 | 1917 | +8 others Balmain Tigers
52%
1972 | 1973 | 1976 | +5 others Manly Sea Eagles
52%
1941 | 1949 | 1956 | +12 others St George Dragons
48%
1989 | 1990 | 1994 Canberra Raiders
36%
1930 | 1934 | 1948 | 1952 Magpies
36%
1997 | 2001 Newcastle Knights
36%
1921 | 1922 North Sydney Bears
36%
1910 | 1933 | 1943 Newtown Jets
33%
2005 West Tigers
33%
2010 St George Illawarra Dragons
27%
1992 | 1993 Brisbane Broncos
24%
No matching quizzes found
Score Distribution
Percent of People with Each Score
Percentile by Number Answered
Your Score History
You have not taken this quiz